02790nam a22003614a 4500001001200000003000800012006001900020007001500039008004100054010001700095016002000112020002700132020001800159040002100177035002100198050002600219082001800245245011300263260004300376300002500419504005100444505087700495505060901372533015201981650003602133650002402169655002902193700002402222700002202246710001702268856012602285999001702411ebr10346897CaPaEBRm u cr cn|||||||||051109s2006 dcua sb 001 0 eng  z 20050328627 z1012614822DNLM z1555813003 (hardcover) z9781555813000 aCaPaEBRcCaPaEBR a(OCoLC)64685512714aQR201.B34bE76 2006eb04a579.3/16522200aEvolution of microbial pathogensh[electronic resource] /cedited by H. Steven Seifert and Victor J. DiRita. aWashington, D.C. :bASM Press,cc2006. axiii, 355 p. :bill. aIncludes bibliographical references and index.0 aStudying evolution by using genome sequence data / Jeffrey G. Lawrence -- Population dynamics of bacterial pathogens / Martin C.J. Maiden and Rachel Urwin -- The study of microbial adaptation by long-term experimental evolution / Vaughn S. Cooper -- The contribution of pathogenicity islands to the evolution of bacterial pathogens / Bianca Hochhut, Ulrich Dobrindt, and J�org Hacker -- Black holes and antivirulence genes: selection for gene loss as part of the evolution of bacterial pathogens / William A. Day and Anthony T. Maurelli -- Evolution of pathogens in soil / Rachel Muir and Man-Wah Tan -- Experimental models of symbiotic host-microbial relationships: understanding the underpinnings of beneficence and the origins of pathogenesis / Margaret J. McFall-Ngai and Jeffrey I. Gordon -- The evolution of bacterial toxins / O. Colin Stine and James P. Nataro --0 aFunction, evolution, and classification of macromolecular transport systems / Paul J. Planet, David H. Figurski, and Rob DeSalle -- The evolution of antibiotic resistance / Dean Rowe-Magnus and Didier Mazel -- Group A Streptococcus and Staphylococcus aureus: evolution, reemergence, and strain diversification / Sean D. Reid ... [et al.] -- Evolution of enteric pathogens / Ruiting Lan and Peter R. Reeves -- Mycobacterial evolution: insights from genomics and population genetics / Alexander S. Pym and Peter M. Small -- The evolution of human fungal pathogens / Judith N. Steenbergen and A. Casadevall. aElectronic reproduction.bPalo Alto, Calif. :cebrary,d2013.nAvailable via World Wide Web.nAccess may be limited to ebrary affiliated libraries. 0aPathogenic bacteriaxEvolution. 0aBacterial genetics. 7aElectronic books.2local1 aSeifert, H. Steven.1 aDiRita, Victor J.2 aebrary, Inc.40uhttp://site.ebrary.com/lib/rucke/Doc?id=10346897zAn electronic book accessible through the World Wide Web; click to view c32383d32383